Statistics for Korean War

Click here to take the quiz!

General Stats

  • This quiz has been taken 22 times
  • The average score is 7 of 10

Answer Stats

HintAnswer% Correct
What country used to colonize both KoreasJapan
100%
What country sent troops to help North Korea during the warChina
94%
Capital City of South KoreaSeoul
94%
General that wanted to use nuclear weapons during the Korean WarDouglas Mac Arthur
82%
First president of North KoreaKim Il-Sung
76%
Line that divides North Korea and South Korea38th Parallel
59%
City where Americans were pushed back toBusan
59%
What was signed to end the Korean WarArmistice
47%
South Koreas Political PartyDemocratic
35%
First president of South KoreaSyngman Rhee
18%

Score Distribution

Percentile by Number Answered

Percent of People with Each Score

Your Score History

You have not taken this quiz